Manual de la prueba de precálculo

שמור ב:
מידע ביבליוגרפי
מחבר ראשי: Schmidt, Sandra (Author)
פורמט: ספר
שפה:ספרדית
יצא לאור: Santiago, Chile Galdoc 1987
נושאים:
גישה מקוונת:Disponible Online
תגים: הוספת תג
אין תגיות, היה/י הראשונ/ה לתייג את הרשומה!

MARC

LEADER 00000nam a2200000 a 4500
001 UCW5529
003 CL-VaPUC
005 20240705074006.0
008 910516e19870000CL |||||||||||||||||spa|d
999 |c 218936  |d 218934 
040 |c Pontificia Universidad Católica de Valparaíso 
082 0 4 |a 372.7 MIL 1987  |2 21 
245 1 0 |a Manual de la prueba de precálculo 
260 |a Santiago, Chile   |b Galdoc  |c 1987 
300 |a 136 páginas  
583 |a last modification  |c 19910516 00:00:00  |k Rodrigo Vera 
650 0 |a Matemáticas  |x Enseñanza  |9 875527 
700 0 |a Schmidt, Sandra  |e author  |9 310531 
852 |a BIBCUR 
856 |u http://bibliografiaobligatoria.pucv.cl.pucv.idm.oclc.org/index.php/bibliotecapucv/catalog/book/61  |y Disponible Online  
942 |c BK  |2 ddc 
945 |d 19910516 00:00:00  |a rbrito 
952 |0 0  |1 0  |4 0  |6 372_700000000000000_MIL_1987  |7 0  |8 R  |9 209290  |a BIBEDU  |b BIBEDU  |d 2019-11-15  |i 2771144  |o 372.7 MIL 1987  |p 2771144  |r 2023-01-13  |w 2019-11-15  |y BK_R  |k EDU 
952 |0 0  |1 0  |4 0  |6 372_700000000000000_MIL_1987  |7 0  |8 R  |9 209291  |a BIBEDU  |b BIBEDU  |d 2019-11-15  |i 2771152  |o 372.7 MIL 1987  |p 2771152  |r 2023-01-13  |w 2019-11-15  |y BK_R  |k EDU 
952 |0 0  |1 0  |4 0  |6 372_700000000000000_MIL_1987  |7 0  |8 R  |9 209292  |a BIBEDU  |b BIBEDU  |c MCIRC  |d 2019-11-15  |i 2771160  |l 1  |o 372.7 MIL 1987  |p 2771160  |r 2023-01-13  |s 2021-01-12  |w 2019-11-15  |y BK_R  |k EDU 
952 |0 0  |1 0  |4 0  |6 372_700000000000000_MIL_1987  |7 0  |8 R  |9 209293  |a BIBEDU  |b BIBEDU  |c MCIRC  |d 2019-11-15  |i 3030571  |o 372.7 MIL 1987  |p 3030571  |r 2023-01-13  |w 2019-11-15  |y BK_R  |k EDU 
952 |0 0  |1 0  |4 0  |6 372_700000000000000_MIL_1987  |7 0  |8 R  |9 209294  |a BIBEDU  |b BIBEDU  |d 2019-11-15  |i 1543555  |o 372.7 MIL 1987  |p 1543555  |r 2023-01-13  |w 2019-11-15  |y BK_R  |k EDU 
952 |0 0  |1 0  |4 0  |6 372_700000000000000_MIL_1987  |7 0  |8 R  |9 209295  |a BIBEDU  |b BIBEDU  |c MCIRC  |d 2019-11-15  |i 2972344  |l 3  |o 372.7 MIL 1987  |p 2972344  |r 2023-01-13  |s 2020-11-02  |w 2019-11-15  |y BK_R  |k EPE